| 000 | 01279cam a22003255a 4500 | ||
|---|---|---|---|
| 005 | 20201124142348.0 | ||
| 006 | a||||fr||z| 00| 0 | ||
| 008 | 150816t20051983njua frb 001 0 eng d | ||
| 010 | _a2006530753 | ||
| 020 | _a0131465953 | ||
| 020 | _a0131474448 (CD-ROM) | ||
| 035 | _a(OCoLC)ocm56473240 | ||
| 040 |
_aEG-ScBUE _beng _cEG-ScBUE |
||
| 082 | 0 | 4 |
_a621.3192 _bNIL _222 |
| 245 | 1 | 0 |
_aIntroduction to PSpice manual, using ORCad release 9.2 to accompany Electric circuits / _cJames W. Nilsson, Susan A. Riedel. |
| 260 |
_aUpper Saddle River : _bPearson/Prentice Hall, _cc.2005. |
||
| 300 |
_aix, 132 p. : _bill. ; _c24 cm. + _e1 CD-ROM (4 3/4 in.) |
||
| 500 | _aIndex : p.129-132. | ||
| 500 | _aAppendix : p. 115-128. | ||
| 500 | _aDisc contains OrCAD Lite version 9.2 to focus on dc analysis, transient analysis, and steady-state sinusoidal (ac) analysis. | ||
| 504 | _aInclude bibliographical reference. | ||
| 590 | _adoaa moahmed | ||
| 650 | 0 |
_aElectric circuits. _2BUEsh |
|
| 650 | 0 |
_aElectric circuit analysis _xData processing. _2BUEsh _923388 |
|
| 651 | _2BUEsh | ||
| 653 |
_bENGELC _cAugust2015 |
||
| 655 |
_vtext book _933728 |
||
| 700 | 1 |
_aRiedel, Susan A. _919762 |
|
| 856 | 4 | 1 |
_3Table of contents only _uhttp://www.loc.gov/catdir/toc/fy0612/2006530753.html |
| 999 |
_c1487 _d1487 |
||